000 00561nam a2200181Ia 4500
008 090123s9999 xx 000 0 und d
082 _b41552
100 _aबनहट्टी राजेंद्र
245 _aत्रैराशिक
250 _a1
260 _bसन प्रकाशन
_c2007
300 _a264
600 _aबनहट्टी राजेंद्र
630 _aत्रैराशिक
700 _aबनहट्टी राजेंद्र
730 _aत्रैराशिक
942 _cBOOK
999 _c79628
_d79628